000 00595nam a2200181 i 4500
001 137155
003 ES-MaACL
005 20250815063229.0
007 t|
008 070214s1901 sp |||| | spa d
100 1 _aSalvador y Rodrigáñez, Amós,
_d1845-1922
_9102102
245 1 0 _aApuntes sobre la instrucción pública en España /
_cAmós Salvador y Rodrigáñez.
260 _aMadrid :
_b[s.n.],
_c1901 (
_fHijos de S.A. García)
300 _a172 p. ;
_c24 cm.
650 4 _aEnseñanza pública-
_zEspaña.
_912311
852 _aES-MaACL
_jT-957-F-8
999 _c137155
_d137155